Countries of the European Union - Statistics

General Stats
  • This quiz has been taken 16 times
  • The average score is 25 of 27
Answers on the Map
Answers color-coded by a green-red scale on the quiz's map according to % correct below.
 
Answer Stats
Answer % Correct
France
100%
Ireland
100%
Italy
100%
Portugal
100%
Spain
100%
Belgium
93%
Croatia
93%
Denmark
93%
Estonia
93%
Germany
93%
Greece
93%
Latvia
93%
Luxembourg
93%
Netherlands
93%
Poland
93%
Slovakia
93%
Slovenia
93%
Sweden
93%
Austria
87%
Bulgaria
87%
Czech Republic
87%
Finland
87%
Hungary
87%
Lithuania
87%
Romania
87%
Malta
80%
Cyprus
73%
No matching quizzes found
Score Distribution
Percent of People with Each Score
Percentile by Number Answered
Your Score History
You have not taken this quiz